00993cam a2200265 a 4500001001300000003000400013005001700017008004100034010001700075035002600092040006200118043001200180050002100192066000700213100003500220245009200255246004300347260004700390300002100437651004300458880003600501880008900537880004300626880005800669k 64000477 DLC20260227111524.0000710s1947 ko 000 0 kor c ak 64000477  a(CStRLIN)DCLP00-B8819 aHarvard Univ. Chinese-Japanese LibrarycMH-HYdDLC-RdDLC aa-kr---00aHC467b.C42 1947 c$11 6880-01aChʻoe, Ho-jin,d1914-106880-02aKŭndae Chosŏn kyŏngjesa yŏnʼgu :pche 1-kwŏn /cChʻoe Ho-jin chŏ.306880-03aChosŏn kyŏngjesa yŏnʼgu 6880-04aSŏul :bMinjung Sŏgwan,c1947. a200 p. ;c21 cm. 0aKoreaxEconomic conditionsy1864-1910.1 6100-01/$1a崔 虎鎮,d1914-106245-02/$1a近代 朝鮮 經濟史 研究 :p第 1卷 /c崔 虎鎮 著.306246-03/$1a朝鮮 經濟史 研究 6260-04/$1a서울 :b民衆 書舘,c1947.